Loading...

Encyclopaedia natura medica : the grand reference on medicinal & astral virtues of herbs & minerals. /

Bibliographic Details
Other Authors: Baldwin, Teresa (Editor), Scalzo, Vincent (Editor)
Format: Printed Book
Language:English
Published: New Delhi : Dominant publishers, 2008.
LEADER 01368nam a2200217Ia 4500
008 150624b xxu||||| |||| 00| 0 eng d
999 |c 56955  |d 56955 
020 |a 8178885670 
020 |a 8178885670 
082 |a 615.3203 
245 |a Encyclopaedia natura medica :  |b the grand reference on medicinal & astral virtues of herbs & minerals. /  |c edited by Teresa Baldwin 
260 |a New Delhi :  |b Dominant publishers,  |c 2008. 
300 |a 4v. 
505 |a 1) Introduction to Herbal Traditions 2) Herbs,Herbalism and Traditions in Herbal Medicine 3) Role of Herbal Medicine in Human Society 4) Gurukul System of Ayurveda 5) Traditions of Ayurveda 6) Ayurvedic Tastes 7) Panchakarma and Ayurvedic Massage 8) Prac 
700 |a Baldwin, Teresa  |e editor. 
700 |a Scalzo, Vincent  |e editor. 
942 |c REF 
952 |0 0  |1 0  |2 ddc  |4 0  |6 615_320300000000000_BAL_E_1  |7 0  |9 56933  |a UL  |b UL  |c REF  |d 2012-10-27  |h Vol.1  |l 0  |o 615.3203 BAL/E.1  |p 82207  |r 2012-10-27  |y REF 
952 |0 0  |1 0  |2 ddc  |4 0  |6 615_320300000000000_BAL_E_2  |7 0  |9 56934  |a UL  |b UL  |c REF  |d 2012-10-27  |h Vol.2  |l 0  |o 615.3203 BAL/E.2  |p 82208  |r 2012-10-27  |y REF 
952 |0 0  |1 0  |2 ddc  |4 0  |6 615_320300000000000_BAL_E_3  |7 0  |9 56935  |a UL  |b UL  |c REF  |d 2012-10-27  |h Vol.3  |l 0  |o 615.3203 BAL/E.3  |p 82209  |r 2012-10-27  |y REF 
952 |0 0  |1 0  |2 ddc  |4 0  |6 6153203_000000000000000_BAL_E_4  |7 0  |9 56936  |a UL  |b UL  |c REF  |d 2012-10-27  |h Vol.4  |l 0  |o 6153203 BAL/E.4.  |p 82210  |r 2012-10-27  |y REF